Temetés előtt
Elmentve itt :
| Dokumentumtípus: | Cikk |
|---|---|
| Megjelent: |
1916-11-30
|
| Sorozat: | Délmagyarország
5 No. 281 |
| Kulcsszavak: | Ferenc József Magyarország : király I. |
| Online Access: | http://dmarchiv.bibl.u-szeged.hu/58230 |
| LEADER | 00411nab a2200145 i 4500 | ||
|---|---|---|---|
| 001 | delm58230 | ||
| 005 | 20180927144618.0 | ||
| 008 | 180927s1916 hu o 0|| hun d | ||
| 040 | |a SZTE Délmagyarország Archívum |b hun | ||
| 041 | |a hun | ||
| 245 | 0 | 0 | |a Temetés előtt |h [elektronikus dokumentum] |
| 260 | |c 1916-11-30 | ||
| 300 | |a 2 | ||
| 490 | 0 | |a Délmagyarország |v 5 No. 281 | |
| 695 | |a Ferenc József Magyarország : király I. | ||